[Event "GRE-ch U16"]
[Site "Patras"]
[Date "2021.07.06"]
[Round "5"]
[White "Tsemeri, Mario"]
[Black "Koulis, Vasilis Iosif"]
[Result "0-1"]
[WhiteElo "1101"]
[BlackElo "1590"]
[PlyCount "134"]
[EventDate "2021.07.02"]
[EventType "swiss"]
[EventRounds "7"]
[EventCountry "GRE"]
[SourceTitle "EXT 2023"]
[Source "ChessBase"]
[SourceDate "2022.10.05"]
[SourceVersion "1"]
[SourceVersionDate "2022.10.05"]
[SourceQuality "1"]

1. e4 Nf6 2. Nc3 d5 3. exd5 Nxd5 4. Nxd5 Qxd5 5. Nf3 Bg4 6. Be2 Nc6 7. d3 0-0-0 8. 0-0 h5 9. Be3 e6 10. h3 Bf5 11. Ng5 Bg6 12. Bf3 Qd7 13. Ne4 Ne5 14. Nc3 Nxf3+ 15. Qxf3 Kb8 16. a4 Bb4 17. Rfb1 a5 18. Ne4 f5 19. Nc5 Qd5 20. Qxd5 exd5 21. c3 Bxc5 22. Bxc5 b6 23. Bd4 f4 24. Bxg7 Rhg8 25. Be5 Bxd3 26. Re1 Be4 27. Bxf4 Rxg2+ 28. Kf1 Rg7 29. Re3 Rf7 30. Bg5 Rg8 31. h4 Rgf8 32. f4 Rxf4+ 33. Bxf4 Rxf4+ 34. Ke2 Rxh4 35. Rf1 Bc2 36. Re5 Bb3 37. Rf2 d4 38. Kd3 dxc3 39. Kxc3 Bxa4 40. Rf8+ Kb7 41. Rh8 Bd1 42. Rh7 Rh2 43. Ree7 Rc2+ 44. Kb3 Rc5+ 45. Ka3 Rc6 46. Ka2 Rc4 47. Reg7 Bc2 48. b3 Rc5 49. Rh6 a4 50. bxa4 Bxa4 51. Rg2 Bd7 52. Rh2 Bg4 53. Kb3 Rc6 54. Rh8 Rf6 55. Rd8 c5 56. Kc3 Kc6 57. Ra8 Rf3+ 58. Kb2 b5 59. Ra6+ Kd5 60. Ra5 Kc4 61. Rc2+ Kb4 62. Ra6 Rb3+ 63. Ka2 c4 64. Rf6 Rf3 65. Rb2+ Kc5 66. Rg6 b4 67. Rd2 Ra3+ 0-1

[Event "GRE-chT Online Rapid op 1st"]
[Site "Tornelo INT"]
[Date "2021.02.21"]
[Round "7.26"]
[White "Koulis, Vasilis Iosif"]
[Black "Psaromiligkos, Konstantinos"]
[Result "1-0"]
[WhiteElo "1590"]
[BlackElo "1579"]
[PlyCount "23"]
[EventDate "2021.02.20"]
[EventType "team-swiss (rapid)"]
[EventRounds "9"]
[EventCountry "GRE"]
[SourceTitle "EXT 2023"]
[Source "ChessBase"]
[SourceDate "2022.10.05"]
[SourceVersion "1"]
[SourceVersionDate "2022.10.05"]
[SourceQuality "1"]

1. c4 e5 2. Nc3 Nf6 3. Nf3 Nc6 4. d3 Bc5 5. g3 d5 6. cxd5 Nxd5 7. Bg2 Nxc3 8. bxc3 Bg4 9. 0-0 Qd7 10. Rb1 0-0-0 11. Nxe5 Nxe5 12. Bxb7+ 1-0

[Event "GRE-chT Online Rapid op 1st"]
[Site "Tornelo INT"]
[Date "2021.02.21"]
[Round "9.25"]
[White "Liargovas, Dimitrios"]
[Black "Koulis, Vasilis Iosif"]
[Result "1-0"]
[WhiteElo "1978"]
[BlackElo "1590"]
[PlyCount "121"]
[EventDate "2021.02.20"]
[EventType "team-swiss (rapid)"]
[EventRounds "9"]
[EventCountry "GRE"]
[SourceTitle "EXT 2023"]
[Source "ChessBase"]
[SourceDate "2022.10.05"]
[SourceVersion "1"]
[SourceVersionDate "2022.10.05"]
[SourceQuality "1"]

1. d4 d5 2. c4 c6 3. Nc3 Nf6 4. Nf3 Bf5 5. Qb3 Qb6 6. Qxb6 axb6 7. cxd5 cxd5 8. Bf4 Nc6 9. a3 e5 10. Bxe5 Nxe5 11. Nxe5 Ne4 12. Nxe4 Bxe4 13. f3 Bg6 14. e3 Bb4+ 15. Kf2 0-0 16. Bb5 Ra5 17. Bd3 Bxd3 18. Nxd3 Bd6 19. Rac1 Rd8 20. Rc2 Kf8 21. h3 Ke7 22. Rhc1 Kd7 23. g4 Raa8 24. h4 h5 25. g5 f5 26. f4 Ke6 27. Kf3 g6 28. Ne5 Rg8 29. Ke2 Ra4 30. Rc8 Rxc8 31. Rxc8 Bxe5 32. fxe5 f4 33. Rf8 fxe3 34. Kxe3 Rc4 35. Rf6+ Ke7 36. Rxg6 Rc1 37. Rxb6 Rh1 38. Rxb7+ Ke6 39. g6 Rxh4 40. Rh7 Rh2 41. g7 Rg2 42. Rxh5 Rxg7 43. Rh6+ Ke7 44. Rb6 Rg1 45. a4 Ra1 46. b3 Ra3 47. Kd3 Kd7 48. Kc3 Ra1 49. Rd6+ Ke7 50. Rxd5 Rc1+ 51. Kb4 Re1 52. a5 Ra1 53. Kb5 Ke6 54. Rd6+ Kf5 55. a6 Ke4 56. b4 Kd3 57. e6 Kc3 58. e7 Re1 59. Rd7 Re5+ 60. dxe5 Kb3 61. e8Q 1-0

[Event "GRE-chT Online Rapid op 1st"]
[Site "Tornelo INT"]
[Date "2021.02.21"]
[Round "8.19"]
[White "Siakoulis, Orestis"]
[Black "Koulis, Vasilis Iosif"]
[Result "1-0"]
[WhiteElo "1914"]
[BlackElo "1590"]
[PlyCount "101"]
[EventDate "2021.02.20"]
[EventType "team-swiss (rapid)"]
[EventRounds "9"]
[EventCountry "GRE"]
[SourceTitle "EXT 2023"]
[Source "ChessBase"]
[SourceDate "2022.10.05"]
[SourceVersion "1"]
[SourceVersionDate "2022.10.05"]
[SourceQuality "1"]

1. e4 e6 2. d3 d5 3. Qe2 dxe4 4. dxe4 e5 5. Nc3 Nc6 6. Bd2 Nf6 7. 0-0-0 Bd7 8. h3 a6 9. Nf3 b5 10. g4 b4 11. Nd5 Be7 12. g5 Nxd5 13. exd5 Nd4 14. Nxd4 exd4 15. Bxb4 Rb8 16. Qxe7+ Qxe7 17. Bxe7 Kxe7 18. Rxd4 Kd6 19. Bxa6 Rhe8 20. c3 Re5 21. h4 Rxd5 22. Rxd5+ Kxd5 23. Re1 Be6 24. b3 Rf8 25. f4 Kc5 26. Bd3 Rd8 27. Kc2 h6 28. f5 Bd5 29. c4 Bf3 30. Kc3 hxg5 31. hxg5 g6 32. fxg6 fxg6 33. b4+ Kd6 34. a4 Bg4 35. c5+ Kd7 36. Rg1 Bh5 37. a5 Kc8 38. Kc4 c6 39. Be4 Kb7 40. a6+ Kxa6 41. Bxc6 Be2+ 42. Kc3 Rd3+ 43. Kc2 Ra3 44. Kb2 Bf3 45. b5+ Ka5 46. Kxa3 Bg4 47. Kb3 Bd1+ 48. Kc3 Ba4 49. Rc1 Bb3 50. Ra1+ Ba4 51. b6 1-0

[Event "GRE-chT Online Rapid op 1st"]
[Site "Tornelo INT"]
[Date "2021.02.20"]
[Round "1.15"]
[White "Koulis, Vasilis Iosif"]
[Black "Magalakis, Stefanos"]
[Result "0-1"]
[WhiteElo "1590"]
[BlackElo "2030"]
[PlyCount "116"]
[EventDate "2021.02.20"]
[EventType "team-swiss (rapid)"]
[EventRounds "9"]
[EventCountry "GRE"]
[SourceTitle "EXT 2023"]
[Source "ChessBase"]
[SourceDate "2022.10.05"]
[SourceVersion "1"]
[SourceVersionDate "2022.10.05"]
[SourceQuality "1"]

1. e4 e5 2. Nc3 Nf6 3. f4 d5 4. fxe5 Nxe4 5. Qf3 Nxc3 6. dxc3 Nc6 7. Bf4 Be6 8. 0-0-0 Qd7 9. h3 0-0-0 10. Ne2 Be7 11. Nd4 g5 12. Bg3 Nxd4 13. cxd4 Rdf8 14. Qc3 h5 15. h4 Bg4 16. Re1 Rh6 17. Be2 Bxe2 18. Rxe2 Rc6 19. Qf3 g4 20. Qd3 Ra6 21. Kb1 Qa4 22. a3 b5 23. Kc1 b4 24. Kd2 bxa3 25. bxa3 Qxa3 26. Qf5+ Kb8 27. Rb1+ Rb6 28. Rxb6+ axb6 29. Qd3 Bb4+ 30. Ke3 Qc1+ 31. Rd2 Qxd2+ 32. Qxd2 Bxd2+ 33. Kxd2 Kb7 34. Bf4 c5 35. c3 Kc6 36. g3 f6 37. exf6 Rxf6 38. Be5 Rf2+ 39. Ke3 Rf3+ 40. Kd2 Kb5 41. Kc2 Kc4 42. dxc5 Rf2+ 43. Kd1 bxc5 44. Ke1 Ra2 45. Kd1 Kd3 46. Kc1 Rc2+ 47. Kb1 Rxc3 48. Kb2 d4 49. Bd6 c4 50. Bc5 Rc2+ 51. Kb1 Rg2 52. Bd6 Kc3 53. Be5 Kb3 54. Kc1 d3 55. Bd4 c3 56. Be3 d2+ 57. Bxd2 Rxd2 58. Kb1 Rd1# 0-1

[Event "GRE-ch South U16"]
[Site "Athens"]
[Date "2020.09.03"]
[Round "9"]
[White "Papaioannou, Dimitrios1"]
[Black "Koulis, Vasilis Iosif"]
[Result "1-0"]
[WhiteElo "1769"]
[BlackElo "1574"]
[PlyCount "82"]
[EventDate "2020.08.28"]
[EventType "swiss"]
[EventRounds "9"]
[EventCountry "GRE"]
[SourceTitle "EXT 2023"]
[Source "ChessBase"]
[SourceDate "2022.10.05"]
[SourceVersion "1"]
[SourceVersionDate "2022.10.05"]
[SourceQuality "1"]

1. e4 g6 2. d4 Bg7 3. Nc3 d6 4. f4 Nf6 5. Nf3 0-0 6. e5 dxe5 7. fxe5 Nd5 8. Bc4 Be6 9. Nxd5 Bxd5 10. Bxd5 Qxd5 11. Qe2 c6 12. c4 Qd7 13. 0-0 Na6 14. Be3 Nc7 15. Rad1 f5 16. Rd2 e6 17. Ne1 Rf7 18. Nd3 Raf8 19. Rf3 Qe7 20. Rd1 Qh4 21. Rdf1 Bh6 22. Bf2 Qe4 23. Qd1 b6 24. Rh3 Kg7 25. Qa4 f4 26. Re1 Qf5 27. Qxc6 g5 28. Nc1 g4 29. Ra3 f3 30. Nd3 fxg2 31. Qxg2 a5 32. Re4 g3 33. hxg3 Bd2 34. Rb3 b5 35. cxb5 a4 36. Ra3 Nxb5 37. Rxa4 Qf3 38. Qxf3 Rxf3 39. Nf4 Bxf4 40. Rxf4 Rf6 41. Rxf3 Rxf3 1-0

[Event "GRE-ch South U16"]
[Site "Athens"]
[Date "2020.09.02"]
[Round "8"]
[White "Koulis, Vasilis Iosif"]
[Black "Drakonakis, Athanasios"]
[Result "1/2-1/2"]
[WhiteElo "1574"]
[BlackElo "1755"]
[PlyCount "62"]
[EventDate "2020.08.28"]
[EventType "swiss"]
[EventRounds "9"]
[EventCountry "GRE"]
[SourceTitle "EXT 2023"]
[Source "ChessBase"]
[SourceDate "2022.10.05"]
[SourceVersion "1"]
[SourceVersionDate "2022.10.05"]
[SourceQuality "1"]

1. Nf3 d5 2. g3 Nf6 3. Bg2 Bg4 4. Ne5 Bh5 5. c4 e6 6. Qb3 Nc6 7. Nxc6 bxc6 8. Qb7 Rb8 9. Qxc6+ Qd7 10. cxd5 exd5 11. Qxd7+ Kxd7 12. e3 Bb4 13. b3 Rhg8 14. Bb2 Ne4 15. Nc3 Nc5 16. 0-0 Nd3 17. Rfb1 c6 18. Bf1 Bg6 19. Bxd3 Bxd3 20. Rc1 Kd6 21. a3 Ba5 22. b4 f6 23. Na4 Bb6 24. Nxb6 Rxb6 25. Bd4 Rb7 26. Rc3 Bf5 27. Bc5+ Kc7 28. a4 a6 29. a5 Bd7 30. Bb6+ Kd6 31. d4 Re8 1/2-1/2

[Event "GRE-ch South U16"]
[Site "Athens"]
[Date "2020.09.01"]
[Round "7"]
[White "Koulis, Vasilis Iosif"]
[Black "Arzoumanidis, Alexandros"]
[Result "1/2-1/2"]
[WhiteElo "1574"]
[BlackElo "1411"]
[PlyCount "100"]
[EventDate "2020.08.28"]
[EventType "swiss"]
[EventRounds "9"]
[EventCountry "GRE"]
[SourceTitle "EXT 2023"]
[Source "ChessBase"]
[SourceDate "2022.10.05"]
[SourceVersion "1"]
[SourceVersionDate "2022.10.05"]
[SourceQuality "1"]

1. Nf3 Nf6 2. c4 g6 3. b3 Bg7 4. Bb2 0-0 5. g3 d6 6. Bg2 c5 7. d4 cxd4 8. Nxd4 Qd7 9. 0-0 Nc6 10. Na3 Rb8 11. Nac2 a6 12. Qd2 Ne8 13. Rac1 Nc7 14. Nxc6 bxc6 15. Bxg7 Kxg7 16. Nb4 c5 17. Nc6 Rb6 18. Nd4 Bb7 19. Bxb7 Rxb7 20. Nc2 Rfb8 21. e4 Qc6 22. f4 a5 23. Qxa5 Ra8 24. Qc3+ Kg8 25. a4 Rab8 26. Rf3 Rxb3 27. Qxb3 Rxb3 28. Rxb3 Qxa4 29. Rc3 Qc6 30. Kf2 Ne6 31. Ke3 Kg7 32. Rd1 h6 33. Ne1 Nd4 34. Nf3 Qa4 35. Rd2 Qb4 36. Rdd3 Qb2 37. Nxd4 cxd4+ 38. Kxd4 Qf2+ 39. Re3 Qd2+ 40. Red3 Qxh2 41. e5 Qf2+ 42. Re3 Qd2+ 43. Rcd3 Qb2+ 44. Rc3 Qb6+ 45. Kd3 Qb1+ 46. Kd2 Qb2+ 47. Kd3 Qb1+ 48. Kd4 Qb6+ 49. Kd3 Qb1+ 50. Kd2 Qb2+ 1/2-1/2

[Event "GRE-ch South U16"]
[Site "Athens"]
[Date "2020.08.29"]
[Round "2"]
[White "Koulis, Vasilis Iosif"]
[Black "Kostelidou, Despoina"]
[Result "1-0"]
[WhiteElo "1574"]
[BlackElo "1396"]
[PlyCount "55"]
[EventDate "2020.08.28"]
[EventType "swiss"]
[EventRounds "9"]
[EventCountry "GRE"]
[SourceTitle "EXT 2023"]
[Source "ChessBase"]
[SourceDate "2022.10.05"]
[SourceVersion "1"]
[SourceVersionDate "2022.10.05"]
[SourceQuality "1"]

1. Nf3 d5 2. c4 Nf6 3. g3 c6 4. b3 Bf5 5. Bg2 Nbd7 6. Bb2 e6 7. d3 Be7 8. Nbd2 h6 9. 0-0 0-0 10. Re1 Nb6 11. e4 dxe4 12. dxe4 Bg4 13. h3 Bxf3 14. Bxf3 Bb4 15. Re2 a5 16. a3 Bc5 17. e5 Ne8 18. Qc2 Bd4 19. Ne4 Bxb2 20. Qxb2 Qe7 21. Rd1 Rd8 22. Rxd8 Qxd8 23. Rd2 Qe7 24. Qd4 Qc7 25. Nc5 g6 26. Qc3 Ng7 27. Ne4 Nd7 28. Rxd7 1-0

[Event "GRE-ch U14"]
[Site "Rio Achaia"]
[Date "2018.07.06"]
[Round "5"]
[White "Goutis, Panagiotis"]
[Black "Koulis, Vasilis Iosif"]
[Result "1-0"]
[WhiteElo "1546"]
[BlackElo "1468"]
[PlyCount "93"]
[EventDate "2018.07.03"]
[EventType "swiss"]
[EventRounds "9"]
[EventCountry "GRE"]
[SourceTitle "EXT 2019"]
[Source "ChessBase"]
[SourceDate "2018.10.10"]
[SourceVersion "1"]
[SourceVersionDate "2018.10.10"]
[SourceQuality "1"]

1. d4 d5 2. c4 e5 3. dxe5 d4 4. Nf3 Nc6 5. g3 Be6 6. Nbd2 Bb4 7. Bg2 Bxc4 8. 0-0 Bxd2 9. Qxd2 Qd7 10. b3 Be6 11. Bb2 0-0-0 12. Rfd1 Nge7 13. Nxd4 Nxd4 14. Qxd4 Rhg8 15. Bxb7+ Kb8 16. Qxd7 Rxd7 17. Rxd7 Bxd7 18. Rd1 Bb5 19. Bf3 Bc6 20. Bxc6 Nxc6 21. Rd7 Nd8 22. e6 fxe6 23. Rxg7 Rxg7 24. Bxg7 Kc8 25. e4 Nb7 26. Bd4 a5 27. f3 a4 28. bxa4 c5 29. Bc3 c4 30. Bb4 Nd8 31. Kf2 Nc6 32. Bc3 Kc7 33. f4 Kd6 34. Ke3 Kc5 35. a3 Kd6 36. g4 Ke7 37. h4 Kf7 38. h5 h6 39. a5 e5 40. fxe5 Ke6 41. a6 Ke7 42. Bd4 c3 43. Bxc3 Kd7 44. Bd4 Ke7 45. a7 Ke6 46. a8Q Na7 47. Qd5+ 1-0

[Event "GRE-ch U14"]
[Site "Rio Achaia"]
[Date "2018.07.06"]
[Round "6"]
[White "Koulis, Vasilis Iosif"]
[Black "Nikolakopoulos, Dimitrios"]
[Result "1/2-1/2"]
[WhiteElo "1468"]
[BlackElo "1336"]
[PlyCount "69"]
[EventDate "2018.07.03"]
[EventType "swiss"]
[EventRounds "9"]
[EventCountry "GRE"]
[SourceTitle "EXT 2019"]
[Source "ChessBase"]
[SourceDate "2018.10.10"]
[SourceVersion "1"]
[SourceVersionDate "2018.10.10"]
[SourceQuality "1"]

1. e4 c5 2. Nf3 g6 3. c3 d5 4. exd5 Qxd5 5. d4 cxd4 6. Qxd4 Qxd4 7. Nxd4 a6 8. Nd2 Nd7 9. N2f3 Bg7 10. Bc4 Ngf6 11. 0-0 0-0 12. Re1 Re8 13. Bf4 b5 14. Bb3 Bb7 15. Ne5 Nxe5 16. Bxe5 Nd7 17. Bxg7 Kxg7 18. a4 Nc5 19. Bc2 bxa4 20. Bxa4 Nxa4 21. Rxa4 e6 22. Rea1 Rec8 23. Ra5 Rd8 24. h3 Kf8 25. Nb3 Rd6 26. Nc5 Ra7 27. b4 Rc6 28. c4 Ke7 29. Nxb7 Rxb7 30. Rc5 Rxc5 31. bxc5 Rc7 32. Ra5 Rc6 33. Kf1 e5 34. Ke2 f5 35. h4 1/2-1/2

[Event "GRE-ch U14"]
[Site "Rio Achaia"]
[Date "2018.07.05"]
[Round "4"]
[White "Koulis, Vasilis Iosif"]
[Black "Gavriilidis, Orestis"]
[Result "0-1"]
[WhiteElo "1468"]
[BlackElo "1665"]
[PlyCount "120"]
[EventDate "2018.07.03"]
[EventType "swiss"]
[EventRounds "9"]
[EventCountry "GRE"]
[SourceTitle "EXT 2019"]
[Source "ChessBase"]
[SourceDate "2018.10.10"]
[SourceVersion "1"]
[SourceVersionDate "2018.10.10"]
[SourceQuality "1"]

1. e4 d5 2. exd5 Qxd5 3. Nc3 Qa5 4. d4 Nf6 5. g3 Bg4 6. Nge2 Bf3 7. Rg1 e6 8. Bg2 Bxg2 9. Rxg2 Nc6 10. Bd2 0-0-0 11. f4 Nxd4 12. Nxd4 Rxd4 13. Qf3 Bb4 14. 0-0-0 Bxc3 15. Bxc3 Rxd1+ 16. Qxd1 Qxa2 17. b3 Ne4 18. Bxg7 Rd8 19. Qe2 f6 20. Bxf6 Nxf6 21. Qxe6+ Kb8 22. Qxf6 Qa3+ 23. Qb2 Rd1+ 24. Kxd1 Qxb2 25. Rd2 Kc8 26. Rd3 a5 27. Rd5 b6 28. Rh5 Qg7 29. Kc1 Qa1+ 30. Kd2 Kb7 31. Rxh7 b5 32. f5 a4 33. bxa4 bxa4 34. Rh4 a3 35. Ra4 a2 36. f6 Qh1 37. f7 Qd5+ 38. Kc1 Qxf7 39. Kb2 Qf2 40. Rxa2 Qxh2 41. Ra3 c5 42. Rc3 Kc6 43. Kb3 Qg2 44. Ka3 Qg1 45. Ka2 Qd4 46. Rd3 Qg4 47. Kb1 Qe4 48. Rb3 c4 49. Ra3 Kb5 50. g4 Qxg4 51. c3 Qd1+ 52. Kb2 Qd2+ 53. Ka1 Kc6 54. Kb1 Kd5 55. Ka1 Ke4 56. Kb1 Kd3 57. Ra2 Qd1+ 58. Kb2 Qc2+ 59. Ka3 Qxc3+ 60. Ka4 Qb3+ 0-1

[Event "GRE-ch U14"]
[Site "Rio Achaia"]
[Date "2018.07.04"]
[Round "3"]
[White "Nteligiorgis, Eleftherios"]
[Black "Koulis, Vasilis Iosif"]
[Result "1/2-1/2"]
[WhiteElo "1682"]
[BlackElo "1468"]
[PlyCount "81"]
[EventDate "2018.07.03"]
[EventType "swiss"]
[EventRounds "9"]
[EventCountry "GRE"]
[SourceTitle "EXT 2019"]
[Source "ChessBase"]
[SourceDate "2018.10.10"]
[SourceVersion "1"]
[SourceVersionDate "2018.10.10"]
[SourceQuality "1"]

1. e4 e6 2. d4 d5 3. Bd3 Nf6 4. e5 Nfd7 5. c3 c5 6. Ne2 Nc6 7. a3 cxd4 8. cxd4 Qb6 9. Bc2 Be7 10. 0-0 0-0 11. Qd3 g6 12. Bh6 Re8 13. Nbc3 Bf8 14. Be3 Bg7 15. b4 a6 16. f4 Na7 17. g4 Qd8 18. h3 Nb6 19. Ng3 Nc4 20. Bc1 b5 21. f5 Qb6 22. Kh2 Bd7 23. Bg5 Rac8 24. Ra2 Rc6 25. fxg6 fxg6 26. Nh5 Nxe5 27. dxe5 Bxe5+ 28. Bf4 Bxc3 29. Bg5 Qc7+ 30. Kh1 Nc8 31. Qf3 Nd6 32. Nf6+ Bxf6 33. Qxf6 Bc8 34. Bd3 Qg7 35. Qf3 Rf8 36. Bf6 Qd7 37. Raf2 Ne4 38. Bxe4 dxe4 39. Qe3 Bb7 40. h4 Rd6 41. Kh2 1/2-1/2

[Event "GRE-ch U12"]
[Site "Achaia"]
[Date "2017.07.01"]
[Round "8"]
[White "Apostolatos, Thalis"]
[Black "Koulis, Vasilis Iosif"]
[Result "0-1"]
[WhiteElo "1409"]
[BlackElo "1466"]
[PlyCount "106"]
[EventDate "2017.06.26"]
[EventType "swiss"]
[EventRounds "9"]
[EventCountry "GRE"]
[SourceTitle "EXT 2018"]
[Source "ChessBase"]
[SourceDate "2017.10.13"]
[SourceVersion "1"]
[SourceVersionDate "2017.10.13"]
[SourceQuality "1"]

1. e4 e6 2. d4 d5 3. Nc3 Bb4 4. e5 c5 5. Bd2 Ba5 6. Qg4 Ne7 7. Qxg7 Rg8 8. Qxh7 a6 9. dxc5 Qc7 10. f4 Qxc5 11. 0-0-0 Bd7 12. Nf3 Nbc6 13. Ng5 Rf8 14. Be2 Bxc3 15. Bxc3 Qe3+ 16. Rd2 d4 17. Qd3 Qxd3 18. Rxd3 dxc3 19. Nh7 Nd5 20. Nxf8 cxb2+ 21. Kb1 Kxf8 22. f5 Nxe5 23. Rh3 Ke7 24. fxe6 Bxe6 25. Rh5 Ng6 26. Bc4 Nc3+ 27. Kxb2 Bxc4 28. Kxc3 Bxa2 29. Rc5 b6 30. Rg5 Kf6 31. Rg3 Bd5 32. h4 Rh8 33. Rf1+ Ke7 34. Re1+ Be6 35. Rxg6 fxg6 36. g3 Rf8 37. Re3 Kd6 38. Kb4 Rc8 39. c3 Rc5 40. Ka3 Bf5 41. Rf3 Rd5 42. Kb4 Rd3 43. Rxd3+ Bxd3 44. g4 Be2 45. h5 gxh5 46. gxh5 Bxh5 47. Kb3 Kc5 48. Kc2 Kc4 49. Kb2 Bg6 50. Ka1 Kxc3 51. Ka2 b5 52. Ka1 b4 53. Ka2 b3+ 0-1

[Event "GRE-ch U12"]
[Site "Achaia"]
[Date "2017.06.29"]
[Round "5"]
[White "Koulis, Vasilis Iosif"]
[Black "Gavriil, Odysseas Panagiotis"]
[Result "0-1"]
[WhiteElo "1466"]
[BlackElo "1679"]
[PlyCount "74"]
[EventDate "2017.06.26"]
[EventType "swiss"]
[EventRounds "9"]
[EventCountry "GRE"]
[SourceTitle "EXT 2018"]
[Source "ChessBase"]
[SourceDate "2017.10.13"]
[SourceVersion "1"]
[SourceVersionDate "2017.10.13"]
[SourceQuality "1"]

1. d4 d6 2. e4 Nf6 3. Nc3 c6 4. Nf3 Bg4 5. Bc4 b5 6. Bd3 Nbd7 7. Bf4 e5 8. dxe5 dxe5 9. Bd2 Qc7 10. Qe2 Be7 11. a4 b4 12. Na2 a5 13. c3 Nc5 14. Nc1 b3 15. Bg5 Nh5 16. Be3 Nf4 17. Bxf4 exf4 18. Bc4 Be6 19. Bxe6 fxe6 20. Nd4 0-0 21. Ncxb3 Rf6 22. Qc4 Nxb3 23. Nxb3 c5 24. Nd4 Kf7 25. Nb5 Qe5 26. Rd1 Rd8 27. Rxd8 Bxd8 28. Qd3 Be7 29. Qe2 f3 30. Qe3 fxg2 31. Rg1 Qxh2 32. f3 h5 33. Qf2 Rg6 34. f4 Bh4 35. Nd6+ Kg8 36. Ke2 Bxf2 37. Kxf2 Qxf4+ 0-1

[Event "GRE-ch U12"]
[Site "Achaia"]
[Date "2017.06.28"]
[Round "4"]
[White "Stefanou, Dimitrios"]
[Black "Koulis, Vasilis Iosif"]
[Result "1-0"]
[WhiteElo "1571"]
[BlackElo "1466"]
[PlyCount "105"]
[EventDate "2017.06.26"]
[EventType "swiss"]
[EventRounds "9"]
[EventCountry "GRE"]
[SourceTitle "EXT 2018"]
[Source "ChessBase"]
[SourceDate "2017.10.13"]
[SourceVersion "1"]
[SourceVersionDate "2017.10.13"]
[SourceQuality "1"]

1. e4 e6 2. d4 d5 3. exd5 exd5 4. Bd3 Bd6 5. Nf3 Ne7 6. 0-0 0-0 7. c3 Bf5 8. Re1 Bxd3 9. Qxd3 Ng6 10. g3 Nd7 11. Be3 c6 12. Nbd2 Nf6 13. Kg2 Qd7 14. Bg5 Nh5 15. Ne5 Nxe5 16. dxe5 Bxe5 17. Rxe5 f6 18. Bxf6 Nxf6 19. h3 Rae8 20. Rae1 Qf7 21. Rxe8 Nxe8 22. Qf3 Qxf3+ 23. Nxf3 Nf6 24. Nd4 Re8 25. Rxe8+ Nxe8 26. Ne6 Nd6 27. Kf3 Kf7 28. Nc5 b6 29. Nd3 Ke6 30. Nf4+ Kf6 31. b3 Ne4 32. Ne2 c5 33. Ke3 Nxc3 34. Nxc3 d4+ 35. Kd3 dxc3 36. Kxc3 Ke5 37. Kc4 a6 38. a4 Kd6 39. f4 Kc6 40. f5 b5+ 41. axb5+ axb5+ 42. Kd3 Kd5 43. g4 Ke5 44. Ke3 c4 45. bxc4 bxc4 46. Kd2 Kf4 47. Kc3 Kg3 48. g5 Kh4 49. f6 Kxg5 50. fxg7 Kh6 51. g8Q Kh5 52. Kxc4 Kh6 53. h4 1-0

[Event "GRE-ch U12"]
[Site "Achaia"]
[Date "2017.06.27"]
[Round "3"]
[White "Koulis, Vasilis Iosif"]
[Black "Stamatiou, Rodolfos"]
[Result "1-0"]
[WhiteElo "1466"]
[BlackElo "1663"]
[PlyCount "85"]
[EventDate "2017.06.26"]
[EventType "swiss"]
[EventRounds "9"]
[EventCountry "GRE"]
[SourceTitle "EXT 2018"]
[Source "ChessBase"]
[SourceDate "2017.10.13"]
[SourceVersion "1"]
[SourceVersionDate "2017.10.13"]
[SourceQuality "1"]

1. d4 d5 2. Nf3 Nf6 3. Bg5 c5 4. c3 e6 5. e3 Nc6 6. Bd3 c4 7. Bc2 Be7 8. Nbd2 b5 9. Qe2 0-0 10. 0-0 a5 11. e4 h6 12. Bh4 b4 13. e5 Nd7 14. Bxe7 Qxe7 15. Ne1 Bb7 16. f4 a4 17. a3 bxc3 18. bxc3 Nd8 19. Qg4 f5 20. Qh3 Nf7 21. g4 g6 22. gxf5 gxf5 23. Rf2 Kh7 24. Ndf3 Rg8+ 25. Rg2 Bc6 26. Bd1 Rxg2+ 27. Kxg2 Rg8+ 28. Kf2 Nf8 29. Ke3 Qb7 30. Kd2 Qb2+ 31. Nc2 Nd7 32. Nh4 Nh8 33. Nxf5 exf5 34. Qxf5+ Ng6 35. e6 Qb7 36. exd7 Bxd7 37. Qh5 Rf8 38. Ne3 Nxf4 39. Bc2+ Kg7 40. Qe5+ Rf6 41. Qe7+ Rf7 42. Rg1+ Kh8 43. Qe5+ 1-0

[Event "GRE-ch U12"]
[Site "Porto Rio"]
[Date "2016.06.28"]
[Round "1"]
[White "Koulis, Vasilis Iosif"]
[Black "Tsarsitalidis, Konstantinos"]
[Result "1/2-1/2"]
[WhiteElo "1152"]
[BlackElo "1506"]
[PlyCount "130"]
[EventDate "2016.06.28"]
[EventType "swiss"]
[EventRounds "9"]
[EventCountry "GRE"]
[SourceTitle "CBM 173 Extra"]
[Source "ChessBase"]
[SourceDate "2016.08.29"]
[SourceVersion "1"]
[SourceVersionDate "2016.08.29"]
[SourceQuality "1"]

1. e4 c5 2. Nf3 d6 3. c3 Nf6 4. Bc4 e6 5. Qe2 a6 6. Bb3 Be7 7. 0-0 0-0 8. Bc2 Nbd7 9. d4 cxd4 10. cxd4 Qc7 11. Nc3 Nb6 12. Bf4 Nh5 13. Bc1 e5 14. dxe5 dxe5 15. Be3 Bc5 16. Bg5 h6 17. Bh4 Nf4 18. Qd1 Bg4 19. Nd5 Nbxd5 20. exd5 Qd7 21. Nxe5 Bxd1 22. Nxd7 Bxc2 23. Nxc5 Nxd5 24. Nxb7 Rab8 25. Rfc1 Bg6 26. Nc5 Rxb2 27. Nxa6 Nf4 28. Kh1 Be4 29. Rc4 f5 30. Nc5 Nxg2 31. Nxe4 Nxh4 32. Ng3 f4 33. a4 fxg3 34. fxg3 Nf3 35. Rh4 Nxh4 36. gxh4 Rff2 37. a5 Rxh2+ 38. Kg1 Ra2 39. Rb1 Rxa5 40. Kxh2 Kh7 41. Rb3 Rh5 42. Kh3 Rf5 43. Kg4 Rc5 44. Rb4 Rc1 45. Rb3 Rg1+ 46. Kh3 Re1 47. Ra3 Re7 48. Ra4 h5 49. Ra3 g6 50. Rg3 Kg7 51. Rf3 Rf7 52. Rxf7+ Kxf7 53. Kg3 Ke6 54. Kf4 Kf6 55. Ke4 Ke6 56. Kf4 Ke7 57. Ke3 Kd7 58. Kf4 Ke8 59. Ke5 Ke7 60. Kf4 Kf7 61. Ke4 Kg7 62. Kf4 Kh6 63. Kf3 Kg7 64. Kf4 Kf6 65. Ke4 g5 1/2-1/2